Model United Nations Terms Quiz - Statistics

General Stats
  • This quiz has been taken 54 times
  • The average score is 14 of 33
Answer Stats
Definition Term % Correct
What a participant is called Delegate
93%
Discussion with a set time to speak, a given subject, and a speakers list (ex. 6:30 on xyz) Moderated caucus
84%
The person or people running a committee Chair
80%
The particular group you are in during an event Committee
73%
Group of students who travel to a competitive event together Delegation
73%
Discussion with a set time, but free to wander the room and no speakers list (ex. 15 min _____) Unmoderated caucus
73%
Final merged paper written by multiple groups of delegates, goal of committee is to pass Resolution
64%
Competitive event hosted by schools/universities Conference
61%
Nameplates with who/what a delegate is representing used to vote Placard
61%
Attendance Roll call
61%
A group of delegates working together Bloc
52%
Type of committee that has the end goal of passing one or multiple resolutions (tend to be larger) General Assembly
52%
Type of committee where delegates pass many directives, deal with active and immediate changes, and have a personal arc (tend to be smaller) Crisis
50%
Delegate that wrote a paper Sponsor
50%
An official request for something to be done in committee Motion
48%
Short papers voted on in rounds in crisis to solve immediate issues Directive
45%
The term for when two people represent one nation or person Double delegation
39%
Delegates that would like the see a paper being presented in committee but did not write it Signatories
39%
First paper written by group of delegates, presented but not voted on, get merged later Working paper
36%
How delegates in crisis committees make secret requests Note
32%
How to call order Decorum
30%
The group running the committee Dias
30%
Type of committee that doesn't provide a background guide in advance Ad-hoc
25%
Who grants secret requests and presents sudden changes that prompt crisis committees Backroom
25%
Section of a paper written to enact policy Clause
25%
Type of committee similar to a GA, but smaller, more niche, and sometimes with slightly different rules Specialized
25%
Storyline of a delegate's character in a crisis committee, usually through notes Crisis arc
20%
Discussion with a set time and no speakers list, but delegates must remain in their seats Gentleman's unmoderated caucus
14%
The first available opportunity for delegates to speak in committee, purpose is to set the topic Primary speakers list
14%
Directives submitted on behalf of a few characters Joint Personal Directive
11%
Opens after the above when topic is set Secondary speakers list
11%
Sudden changes or actions that need to be acted on in crisis committee Crisis drop/break
9%
Set of rules to aid and guide committee in a productive and inclusive way Parliamentary procedure
9%
No matching quizzes found
Score Distribution
Percent of People with Each Score
Percentile by Number Answered
Your Score History
You have not taken this quiz